000 00301nam a22001337a 4500
008 190205b xxu||||| |||| 00| 0 eng d
020 _a896411
041 _aeng
080 _a316
100 _a50
101 _aSOC
245 _aThe Structure of Social Inequality
_cVanfossen, B.E
942 _2udc
_cBK
999 _c53976
_d53976